बंगला की प्रतिनिधि हास्य कहानियां / (Record no. 116833)

MARC details
000 -LEADER
fixed length control field 01279nam a22002657a 4500
005 - DATE AND TIME OF LATEST TRANSACTION
control field 20170124103045.0
010 ## - LIBRARY OF CONGRESS CONTROL NUMBER
LC control number B-141532
020 ## - INTERNATIONAL STANDARD BOOK NUMBER
Terms of availability 400.00
International Standard Book Number 81170436389
035 ## - SYSTEM CONTROL NUMBER
System control number B-141532
037 ## - SOURCE OF ACQUISITION
Source of stock number/acquisition Cen Lib/Ret
040 ## - CATALOGING SOURCE
Original cataloging agency DPL
Language of cataloging HN
082 ## - DEWEY DECIMAL CLASSIFICATION NUMBER
Classification number
Item number बंगला
245 ## - TITLE STATEMENT
Title बंगला की प्रतिनिधि हास्य कहानियां /
Statement of responsibility, etc संपादक पृथ्वीनाथ शास्त्री [और] योगेन्द्र कुमार लल्ला
246 ## - VARYING FORM OF TITLE
Title proper/short title Bangla ki pratinidhi hasya kahaniyan /
Remainder of title sampadak Prithvinath Shastri [aur] Yogendra Kumar Lalla
260 ## - PUBLICATION, DISTRIBUTION, ETC. (IMPRINT)
Place of publication, distribution, etc दिल्ली
Name of publisher, distributor, etc आत्माराम एंड संस
Date of publication, distribution, etc 2005
270 ## - ADDRESS
Address कश्मीरी गेट
City दिल्ली
Postal code 110006
300 ## - PHYSICAL DESCRIPTION
Extent 400पृ.
Dimensions 21सेमी (सजिल्द)
650 ## - SUBJECT ADDED ENTRY--TOPICAL TERM
Topical term or geographic name as entry element बंगला साहित्य
9 (RLIN) 69040
650 ## - SUBJECT ADDED ENTRY--TOPICAL TERM
Topical term or geographic name as entry element कहानी संग्रह
9 (RLIN) 69041
650 ## - SUBJECT ADDED ENTRY--TOPICAL TERM
Topical term or geographic name as entry element Bangla literature
9 (RLIN) 69042
650 ## - SUBJECT ADDED ENTRY--TOPICAL TERM
Topical term or geographic name as entry element Story collection
9 (RLIN) 69043
700 ## - ADDED ENTRY--PERSONAL NAME
Personal name शास्त्री, पृथ्वीनाथ
9 (RLIN) 43407
700 ## - ADDED ENTRY--PERSONAL NAME
Personal name लल्ला, योगेन्द्र कुमार
9 (RLIN) 48393
942 ## - ADDED ENTRY ELEMENTS (KOHA)
Source of classification or shelving scheme Dewey Decimal Classification
Koha item type Hindi Books
Classification part
Call number suffix बंगला
Holdings
Withdrawn status Lost status Source of classification or shelving scheme Damaged status Not for loan Home library Current library Date acquired Source of acquisition Cost, normal purchase price Total Checkouts Total Renewals Full call number Barcode Date last seen Date checked out Copy number Cost, replacement price Price effective from Koha item type
    Dewey Decimal Classification     Central Library Central Library 25/08/2015 Cen Lib/Ret 400.00 9 5 उ बंगला B-141532 03/08/2024 19/07/2024 1 400.00 25/08/2015 Hindi Books

© Delhi Public Library
Hit Counter
free hit counter